Competitiveness Outlook of the Automotive Industry in the V4 Countries

Analýza možností rozvoja automobilového priemyslu v krajinách V4. Automobilový priemysel je jedným z najdôležitejších odvetví v Českej republike, Maďarsku, Poľsku a na Slovensku. Čelí však významným výzvam na strane dopytu aj ponuky - nedostatok kvalifikovaných a relatívne lacnej pracovnej sily, keď...

Ausführliche Beschreibung

Gespeichert in:
Bibliographische Detailangaben
1. Verfasser: Hlušková, Tatiana, 1987-
Format: Buchkapitel
Sprache:Englisch
Schlagworte:
Tags: Tag hinzufügen
Keine Tags, Fügen Sie das erste Tag hinzu!

MARC

LEADER 00000naa a2200000 4500
001 0258523
005 20240502074106.7
041 0 |a eng 
044 |a SK 
245 1 0 |a Competitiveness Outlook of the Automotive Industry in the V4 Countries  |c Tatiana Hlušková 
520 |a Analýza možností rozvoja automobilového priemyslu v krajinách V4. Automobilový priemysel je jedným z najdôležitejších odvetví v Českej republike, Maďarsku, Poľsku a na Slovensku. Čelí však významným výzvam na strane dopytu aj ponuky - nedostatok kvalifikovaných a relatívne lacnej pracovnej sily, keď sa dôležitá komparatívna výhoda týchto krajín stáva hlavným problémom pri udržiavaní konkurencieschopnosti. Vzostup protekcionistickej politiky a obchodné napätie tiež predstavujú výraznú hrozbu pre zahraničný obchod. Tretím dôležitým zdrojom zmien je technologický pokrok. 
610 2 0 |a priemysel automobilový 
610 2 0 |a výhody komparatívne 
610 2 0 |a konkurencieschopnosť 
610 2 0 |a Vyšehradská štvorka 
610 2 0 |a bariéry konkurenčné 
100 1 |a Hlušková, Tatiana, 1987-